000 00283nam a22001337a 4500
003 SGT
020 _a81-765-752-3
082 _a004
_bC18S
100 _aSINHA, PRADEEP K.
245 _aCOMPUTER FUNDAMENTALS
260 _aINDIA
_bBPB
_c2018
300 _a490
942 _2ddc
_cBK
_052
999 _c15464
_d15464